[Event "57th ch-RUS Qualifier"]
[Site "St Petersburg RUS"]
[Date "2004.05.28"]
[Round "7"]
[White "Najer,E"]
[Black "Landa,K"]
[Result "1-0"]
[WhiteElo "2606"]
[BlackElo "2550"]

1.e4 c5 2.Nf3 e6 3.d4 cxd4 4.Nxd4 a6 5.Nc3 Qc7 6.Bd3 Nf6 7.Qe2 b5 8.e5 b4
9.Ncb5 axb5 10.exf6 gxf6 11.Nxb5 Qb6 12.Qf3 Ra5 13.Qxf6 Rg8 14.Be3 Bc5 15.Nd4 d6
16.Nb3 Bxe3 17.Nxa5 Bd4 18.Nc4 Qc5 19.Qf3 Nc6 20.O-O-O Bb7 21.Kb1 Na5 22.Nxd6+ Qxd6
23.Be4 Ba6 24.Bd5 Qxd5 25.Qxd5 exd5 26.Rxd4 Nc6 27.Rxd5 Rxg2 28.Rd2 Ne5 29.Rd4 Rxf2
30.Rxb4 f5 31.a4 Nc4 32.Rd1 Ke7 33.Rg1 Kf7 34.Rd1 Ke7 35.Rd4 Ne3 36.Rb6 Be2
37.b4 Bd1 38.Rh4 f4 39.Rxh7+  1-0

[Event "57th ch-RUS Qualifier"]
[Site "Tomsk RUS"]
[Date "2004.05.28"]
[Round "6"]
[White "Frolov,D"]
[Black "Kobalia,M"]
[Result "0-1"]
[WhiteElo "2401"]
[BlackElo "2630"]

1.e4 c5 2.Nf3 e6 3.d4 cxd4 4.Nxd4 a6 5.Nc3 Qc7 6.g3 Bb4 7.Bd2 Nf6 8.Bg2 Nc6
9.Nxc6 dxc6 10.O-O Be7 11.Na4 b5 12.e5 Nd5 13.c4 bxa4 14.cxd5 cxd5 15.Qxa4+ Bd7
16.Qd4 O-O 17.Rac1 Qb7 18.f4 Rab8 19.b3 Ba3 20.Rc2 Rfc8 21.Rxc8+ Rxc8 22.Kh1 Rc2
23.f5 exf5 24.g4 Qb5 25.b4 Qe2 26.Qb6 Rc8 27.Qb7 Qb5 28.Qxb5 Bxb5 29.Rxf5 Rc2
30.Be3 Bc4 31.h3 Rxa2 32.Bc5 g6 33.Rf6 a5 34.Rb6 Bxb4 35.Bxb4 axb4 36.Rxb4 Re2
37.Kg1 Rxe5 38.Bf3 Re3 39.Kf2 Rc3 40.Rb8+ Kg7 41.g5 d4 42.h4 Rc2+ 43.Kg3 d3
44.Rd8 d2 45.Kf4 Bb3 46.h5 gxh5 47.Bxh5 Rc4+ 48.Kg3 Rc5 49.Rxd2 Rxg5+ 50.Kh4 h6
51.Bf3 Be6 52.Rd1 Ra5 53.Kg3 Kg6 54.Rd8 Ra3 55.Kf4 Ra4+ 56.Kg3 Bf5 57.Rd6+ Kg5
58.Rd5 Rb4 59.Ra5 Rd4 60.Rb5 Kf6 61.Rb6+ Kg7 62.Rb5 Be6 63.Rb6 Ra4 64.Be2 Ra5
65.Rb8 Rg5+ 66.Kf4 Rf5+ 67.Kg3 Re5 68.Bf3 Bf5 69.Kf4 Ra5 70.Be4 Be6 71.Bf3 Bc4
72.Rd8 Rc5 73.Rd2 Rg5 74.Rd8 Be6 75.Rb8 Rc5 76.Rb2 h5 77.Rg2+ Kh6 78.Rh2 Ra5
79.Bd1 Rf5+ 80.Kg3 Rc5 81.Bf3 Kg6 82.Be2 Ra5 83.Bd1 Rb5 84.Kf4 Rb4+ 85.Kg3 Bg4
86.Rd2 Kg5  0-1

[Event "Chicago Open"]
[Site "Chicago USA"]
[Date "2004.05.29"]
[Round "2"]
[White "Karklins,A"]
[Black "Stripunsky,A"]
[Result "1/2-1/2"]
[WhiteElo "2300"]
[BlackElo "2553"]

1.e4 c5 2.Nf3 e6 3.d4 cxd4 4.Nxd4 a6 5.Nc3 Qc7 6.g3 Bb4 7.Ne2 Nf6 8.Bg2 Bc5
9.O-O h6 10.b3 Be7 11.Bb2 d6 12.Nf4 Nbd7 13.a4 Rb8 14.a5 Ne5 15.Qe2 Bd7 16.Rfe1 O-O
17.Nd1 Nc6 18.Ne3 Nxa5 19.Nh5 Nxh5 20.Qxh5 Nc6 21.Ng4 e5 22.Ne3 Bg5 23.Nd5 Qc8
24.h3 g6 25.Qd1 Bxh3 26.f4 Bd8 27.f5 Bxg2 28.Kxg2 Bg5 29.Qg4 Ne7 30.Qxg5 Nxd5
31.Qxh6 Nf6 32.c4 Qc6 33.Rh1 Qxe4+ 34.Kg1 Nh5 35.Rxh5 gxh5 36.Qg5+ Kh7 37.Qxh5+ Kg7
38.Qg5+ Kh7 39.Qh5+ Kg7 40.Qg5+ Kh7 41.Qh5+  1/2-1/2

[Event "3rd ACP Blitz Prelim1"]
[Site "playchess.com INT"]
[Date "2004.05.31"]
[Round "8"]
[White "Pelletier,Y"]
[Black "Lobron,E"]
[Result "1-0"]
[WhiteElo "2581"]
[BlackElo "2493"]

1.e4 c5 2.Nf3 e6 3.d4 cxd4 4.Nxd4 a6 5.Nc3 b5 6.Bd3 Qb6 7.Nf3 Qc7 8.O-O Bb7
9.Bd2 Be7 10.a4 b4 11.Na2 Nc6 12.Qe1 a5 13.c3 bxc3 14.Nxc3 Nf6 15.e5 Ng4
16.Nb5 Qb8 17.Bc3 f5 18.h3 Nh6 19.Rd1 O-O 20.Bc4 Rd8 21.Rxd7 Rxd7 22.Bxe6+ Kh8
23.Bxd7 Nb4 24.Qe2 Nd5 25.Bd2 Nf7 26.Bxf5 Bc5 27.e6 Nd6 28.Bxh7 Kxh7 29.Ng5+ Kg8
30.Nxd6 Qxd6 31.Qh5 Nf6 32.Qf7+ Kh8 33.Qxb7  1-0

[Event "3rd ACP Blitz Prelim1"]
[Site "playchess.com INT"]
[Date "2004.05.31"]
[Round "22"]
[White "Baklan,V"]
[Black "Volokitin,And"]
[Result "1-0"]
[WhiteElo "2615"]
[BlackElo "2600"]

1.e4 c5 2.Nf3 e6 3.Nc3 a6 4.d4 cxd4 5.Nxd4 Qc7 6.Bd3 Nf6 7.Be3 Nc6 8.O-O h5
9.h3 b5 10.Nxc6 Qxc6 11.Re1 b4 12.Ne2 Nxe4 13.Nd4 Qd5 14.a3 Bb7 15.f3 Nf6
16.axb4 Bxb4 17.c3 Bd6 18.Bf2 Bc7 19.Nf5 g6 20.c4 Qc6 21.Nd4 Qd6 22.Kf1 Qh2
23.c5 Qh1+ 24.Ke2 Qxg2 25.c6 Bg3 26.Rf1 Bxc6 27.Nxc6 dxc6 28.Qc1 Nd5 29.Qxc6+ Ke7
30.Be4 Nf4+ 31.Ke3 Bxf2+ 32.Rxf2 Qg5 33.Qc7+ Kf8 34.Qxf4 Qc5+ 35.Ke2 Rb8
36.Qxb8+  1-0

[Event "TCh-BIH"]
[Site "Neum BIH"]
[Date "2004.06.01"]
[Round "4"]
[White "Fercec,N"]
[Black "Milosevic,G"]
[Result "1-0"]
[WhiteElo "2460"]
[BlackElo "2385"]

1.e4 c5 2.Nf3 e6 3.d4 cxd4 4.Nxd4 a6 5.Nc3 Qc7 6.Bd3 Nf6 7.O-O Be7 8.Qe2 d6
9.Kh1 Nbd7 10.f4 b5 11.Bd2 Bb7 12.a4 b4 13.Nd1 a5 14.c3 bxc3 15.Nxc3 O-O
16.Ncb5 Qb8 17.Nb3 Nc5 18.Nxc5 dxc5 19.e5 Nd5 20.f5 exf5 21.Bxf5 g6 22.Bd7 Kg7
23.Ra3 Qd8 24.Bg4 f5 25.Bf3 Qb6 26.Rd3 Rad8 27.e6 Kg8 28.Bg5 Rf6 29.Qd1 Qc6
30.Nc3  1-0

[Event "3rd ACP Blitz Prelim3"]
[Site "playchess.com INT"]
[Date "2004.06.02"]
[Round "17"]
[White "Fontaine,R"]
[Black "Vasilevich,T"]
[Result "1-0"]
[WhiteElo "2525"]
[BlackElo "2386"]

1.e4 c5 2.Nf3 e6 3.d4 cxd4 4.Nxd4 a6 5.Nc3 Qc7 6.Be3 Nf6 7.Bd3 d6 8.O-O Be7
9.f4 O-O 10.Qf3 Nbd7 11.Rae1 b5 12.a3 Bb7 13.Qh3 Nc5 14.e5 dxe5 15.fxe5 Qxe5
16.Bf2 Qh5 17.Qxh5 Nxh5 18.Nf5 exf5 19.Rxe7 Nxd3 20.cxd3 Bc6 21.d4 Nf4 22.Bg3 Nd5
23.Nxd5 Bxd5 24.Rxf5 Be6 25.Rc5 Rfd8 26.Be5 Kf8 27.Rcc7 Rac8 28.Kf2 Rxc7
29.Rxc7 f6 30.Bf4 Rxd4 31.Be3 Rd7 32.Rc8+ Kf7 33.Ra8 Rd6 34.h4 Rc6 35.b4 Bd5
36.Bc5 Re6 37.Ra7+ Kg6 38.g4 h5 39.gxh5+ Kxh5 40.Rxg7 Kxh4 41.Be3 f5 42.Bf4 Re8
43.Rg5 Be6 44.Rg6 Kh5 45.Rg5+ Kh4 46.Rg6 Kh5 47.Rf6 Kg4 48.Be3 Re7 49.Rg6+ Kh5
50.Rg5+ Kh4 51.Rg6 Kh5 52.Rh6+ Kg4 53.Bc5 Re8 54.Bd6 Bc4 55.Rg6+ Kh5 56.Rg7 Re6
57.Bc5 Bd5 58.Be3 Be4 59.Bf4 Rg6 60.Rh7+ Kg4 61.Ke3 Re6 62.Rg7+ Kh5 63.Bb8 Kh6
64.Rg1 Kh5 65.Kf4 Kh6 66.Be5 Kh7 67.Rg7+ Kh6 68.Ra7 Rg6 69.Bd4 Re6 70.Bg7+ Kg6
71.Be5 Rc6 72.Rg7+ Kh6 73.Rg3 Re6 74.Bd4 Kh5 75.Bg7  1-0

[Event "Dake Mem"]
[Site "McMinnville USA"]
[Date "2004.06.05"]
[Round "1"]
[White "Zilberstein,Dm"]
[Black "Van Meter,L"]
[Result "0-1"]
[WhiteElo "2392"]
[BlackElo "2240"]

1.e4 c5 2.Nf3 e6 3.d4 cxd4 4.Nxd4 a6 5.Nc3 b5 6.Bd3 Qb6 7.Nb3 Qc7 8.O-O Bb7
9.Qe2 Nf6 10.f4 Nc6 11.Be3 d6 12.Rae1 h5 13.Rf3 Ng4 14.Bd2 Qb6+ 15.Kh1 O-O-O
16.a4 Nd4 17.Nxd4 Qxd4 18.axb5 a5 19.Nd1 Qb6 20.Ne3 d5 21.exd5 Bc5 22.Nc4 Qc7
23.Bxa5 Qe7 24.Bxd8 Qxd8 25.Ne3 Qh4 26.g3 Qd8 27.Nxg4 hxg4 28.Re3 Bxd5+ 29.Be4 Kb8
30.Rd3 Bxe4+ 31.Qxe4 Rxh2+  0-1

[Event "3rd ACP Blitz Final"]
[Site "playchess.com INT"]
[Date "2004.06.05"]
[Round "1.2"]
[White "Fressinet,L"]
[Black "Landa,K"]
[Result "1/2-1/2"]
[WhiteElo "2638"]
[BlackElo "2550"]

1.e4 c5 2.Nf3 e6 3.d4 cxd4 4.Nxd4 a6 5.Nc3 Qc7 6.Bd3 Nf6 7.O-O Bc5 8.Nf3 d6
9.a3 Nbd7 10.Bd2 O-O 11.Qe2 Ne5 12.Kh1 Ng6 13.Rad1 Bd7 14.Be3 Bxe3 15.Qxe3 Ng4
16.Qd2 Bc6 17.h3 N4e5 18.Nd4 Qb6 19.Be2 Bd7 20.f4 Nc6 21.Nb3 Rfd8 22.Na4 Qa7
23.Qxd6 b5 24.Nc3 Be8 25.Qc5 Qc7 26.g3 Nf8 27.Bf3 Nd7 28.Qd6 Qxd6 29.Rxd6 Nb6
30.Rxd8 Rxd8 31.Nc1 Nc4 32.Nd3 Nd4 33.Rf2 Nxc2 34.Nc5 Nd4 35.Bd1 a5 36.Kg2 b4
37.axb4 axb4 38.Na2 Ne3+ 39.Kh1 Nxd1 40.Rd2 Ne3 41.Nxb4 Nc6 42.Rxd8 Nxd8
43.Kg1 Bb5 44.b3 Nc6 45.Nxc6 Bxc6 46.Kf2 Nc2 47.Ke2 Kf8 48.Kd3 Nb4+ 49.Kc4 Nc2
50.b4 Na3+ 51.Kb3 Nb5 52.Kc4 Ke7 53.e5 Nc7 54.h4 Bb5+ 55.Kd4 Nd5 56.Ne4 Nxb4
57.Kc5 Nd5 58.Kxb5 h5 59.Kc5 Ne3 60.Kc6 Nf5 61.Kc5 Kd7 62.Kb6 Ke7 63.Kc6 Nd4+
64.Kc5 Nf5 65.Kc6 Ne3 66.Kc5 Kd7 67.Kd4 Nf5+ 68.Kc5 Kc7 69.Kb5 Kd7 70.Kc5 Ke7
71.Kc6  1/2-1/2

[Event "Summer III"]
[Site "Alushta UKR"]
[Date "2004.06.06"]
[Round "2"]
[White "Babaev,Ra"]
[Black "Abbasov,F"]
[Result "1/2-1/2"]
[WhiteElo "2413"]
[BlackElo "2435"]

1.e4 c5 2.Nf3 e6 3.d4 cxd4 4.Nxd4 a6 5.Nc3 Ne7 6.g3 Nbc6 7.Nxc6 Nxc6 8.Bg2 h5
9.Bf4 h4 10.Qd4 Qa5 11.Bd6 Bxd6 12.Qxd6 Qb4 13.O-O-O Qxd6 14.Rxd6 Ke7 15.Rdd1 d6
16.f4 Bd7 17.Na4  1/2-1/2

[Event "II Gyorgy Marx Mem"]
[Site "Paks HUN"]
[Date "2004.06.07"]
[Round "3"]
[White "Nevednichy,V"]
[Black "Portisch,L"]
[Result "1/2-1/2"]
[WhiteElo "2544"]
[BlackElo "2573"]

1.e4 c5 2.Nf3 e6 3.d4 cxd4 4.Nxd4 a6 5.Nc3 Qc7 6.Be2 Nf6 7.O-O Bb4 8.Qd3 Nc6
9.Nxc6 bxc6 10.f4 d5 11.Be3 Bb7 12.e5 Nd7 13.Na4 c5 14.c3 c4 15.Qd4 Be7 16.b4 a5
17.b5 O-O 18.Rab1 Rac8 19.Bd1 Kh8 20.Bc2 f6 21.exf6 Rxf6 22.Rf3 Bd6 23.Rbf1 Rcf8
24.Bb1 Kg8 25.Bc2 R6f7 26.Rh3 h6 27.Rhf3 Nf6 28.Nc5 Bc8 29.b6 Qxb6 30.Nxe6 Qxd4
31.Nxd4 Rb7 32.Rb1 Rxb1+ 33.Bxb1 Bd7 34.Bf5 Rb8 35.Bxd7 Nxd7 36.Nc6 Ra8 37.Rf1 Nf6
38.Bd4 Ne4 39.Rb1 Rc8 40.Nxa5 Ra8 41.Rb5 Bxf4 42.Rxd5 Bd2 43.Nxc4 Bxc3 44.Bxc3 Nxc3
45.Rd2 Rxa2  1/2-1/2

[Event "8th Open"]
[Site "Voronezh RUS"]
[Date "2004.06.13"]
[Round "2"]
[White "Skorchenko,D"]
[Black "Nikuljshin,K"]
[Result "1-0"]
[WhiteElo "2481"]
[BlackElo "2348"]

1.e4 c5 2.Nf3 e6 3.Nc3 a6 4.d4 cxd4 5.Nxd4 Qc7 6.Bd3 Nf6 7.O-O Bc5 8.Nb3 Ba7
9.a4 d6 10.Bg5 Nbd7 11.Kh1 h6 12.Bh4 g5 13.Bg3 e5 14.Nd2 Nc5 15.Nc4 Be6 16.Qf3 Ke7
17.Nd5+ Bxd5 18.exd5 Nxd3 19.cxd3 Qd7 20.Rae1 Bd4 21.Nxe5  1-0

[Event "National Open"]
[Site "Las Vegas USA"]
[Date "2004.06.20"]
[Round "6"]
[White "Eisen,L"]
[Black "Anka,E"]
[Result "0-1"]
[WhiteElo "2242"]
[BlackElo "2422"]

1.e4 c5 2.Nf3 e6 3.d4 cxd4 4.Nxd4 a6 5.Nc3 b5 6.Bd3 Qb6 7.Nb3 Qc7 8.O-O Bb7
9.a3 Nf6 10.f4 d6 11.Bd2 Nbd7 12.Qf3 Be7 13.Rae1 g6 14.Qh3 O-O 15.Kh1 Rfe8
16.Nd4 Bf8 17.Nf3 Nc5 18.Ng5 h6 19.e5 Nxd3 20.cxd3 Nh7 21.Nge4 h5 22.d4 Qc4
23.Qe3 Red8 24.Qf2 Rd7 25.Nf6+ Nxf6 26.exf6 Qd3 27.d5 Bxd5 28.Nxd5 Qxd5 29.Bc3 Rb7
30.Re3 Rc8 31.Rf3 Bh6 32.Qe2 Qf5 33.Rd3 Rc6 34.Qd1 Rd7 35.Qf3 Rdc7 36.Qd1 Rd7
37.Qf3 d5 38.Re3 Rc4 39.Be5 Rd8 40.b3 Rc2 41.Rc3 Rc8 42.Rxc2 Rxc2 43.Qe3 Bg5
44.Qd4 Ra2 45.Re1 Bh4 46.Qb6 Bxf6 47.h3 Bxe5 48.fxe5 Qf2 49.Qd8+ Kh7 50.Rg1 Re2  0-1

[Event "5th Kurass Mem"]
[Site "Kyiv UKR"]
[Date "2004.06.21"]
[Round "4"]
[White "Dolzhikova,K"]
[Black "Nogin,N"]
[Result "1/2-1/2"]
[WhiteElo "2129"]
[BlackElo "2364"]

1.e4 e6 2.d4 c5 3.Nf3 cxd4 4.Nxd4 a6 5.Nc3 b5 6.Be3 Bb7 7.f3 Qc7 8.Qd2 Nf6
9.O-O-O Bb4 10.Kb1 Bxc3 11.Qxc3 Qxc3 12.bxc3 d5 13.e5 Nfd7 14.f4 Nc6 15.Bd3 O-O-O
16.Rhf1 Rde8 17.Nb3 h5 18.Bc5 g6 19.g3 Na5 20.Bd6 Nc4 21.Bxc4 dxc4 22.Nc1 Nc5
23.Bxc5 Bd5 24.h4 Kb7 25.Kb2 a5 26.a3 Kc6 27.Bd6  1/2-1/2

[Event "Summer IV"]
[Site "Alushta UKR"]
[Date "2004.06.22"]
[Round "8"]
[White "Kovalev,A"]
[Black "Purtov,A"]
[Result "1-0"]
[WhiteElo "2557"]
[BlackElo "2432"]

1.e4 c5 2.Nf3 e6 3.Nc3 a6 4.d4 cxd4 5.Nxd4 d6 6.g4 b5 7.Bg2 Bb7 8.a3 Ne7
9.O-O Nec6 10.Nde2 Qh4 11.h3 Nd7 12.f4 g5 13.fxg5 Be7 14.a4 b4 15.Nd5 Bd8
16.Nd4 Nxd4 17.Qxd4 Rg8 18.Qxb4 Rb8 19.Qxd6 exd5 20.Rxf7 Qe1+ 21.Rf1  1-0

[Event "3rd Asean IM"]
[Site "Bangkok THA"]
[Date "2004.06.23"]
[Round "4"]
[White "Aung Aung"]
[Black "Myo Naing"]
[Result "1/2-1/2"]
[WhiteElo "2524"]
[BlackElo "2425"]

1.e4 c5 2.Nf3 e6 3.d4 cxd4 4.Nxd4 a6 5.Nc3 b5 6.Bd3 Qb6 7.Be3 Bc5 8.Be2 Nc6
9.Nxc6 Bxe3 10.fxe3 dxc6 11.Qd4 Qxd4 12.exd4 e5 13.dxe5 Ne7 14.Bh5 Ng6 15.Bxg6 hxg6
16.O-O-O Bg4 17.Rd6 Rc8  1/2-1/2

[Event "TCh-CRO"]
[Site "Rabac CRO"]
[Date "2004.06.25"]
[Round "7"]
[White "Pejic,Ir"]
[Black "Jurkovic,H"]
[Result "0-1"]
[WhiteElo "2159"]
[BlackElo "2430"]

1.e4 c5 2.Nf3 e6 3.Nc3 a6 4.d4 cxd4 5.Nxd4 Qc7 6.g3 Nc6 7.Bg2 d6 8.O-O Bd7
9.Re1 Nf6 10.Nxc6 bxc6 11.e5 dxe5 12.Qe2 Nd5 13.Qxe5 Qxe5 14.Rxe5 Bd6 15.Re4 Nxc3
16.bxc3 Ke7 17.Bf4 Bxf4 18.Rxf4 Rab8 19.Ra4 Rb6 20.Rd1 c5 21.Ra5 Rc8 22.f4 Bb5
23.Bf1 Bxf1 24.Kxf1 Rcc6 25.Ke2 Rb7 26.Ra3 c4 27.Ra4 Rb2 28.Rd2 Kf6 29.Ra5 h6
30.Ke3 g5 31.Ke4 Rb5 32.Ra4 gxf4 33.gxf4 Rh5 34.Rf2 a5 35.Kd4 Rd5+ 36.Ke4 Rcc5
37.Rg2 Rd8 38.Rf2 Ke7 39.Rg2 f5+ 40.Ke3 Kf6 41.Kf3 Rd1 42.Re2 Rf1+ 43.Rf2 Rxf2+
44.Kxf2 e5 45.Ke3 Ke6 46.h4 Kd5 47.Ra3 e4 48.Ra4 Kc6 49.h5 Kb5 50.Ra3 Rd5
51.Ke2 Rd8 52.Ke1 Rg8 53.Ke2 Rg2+  0-1

[Event "Summer IV"]
[Site "Alushta UKR"]
[Date "2004.06.26"]
[Round "12"]
[White "Belikov,V"]
[Black "Purtov,A"]
[Result "1-0"]
[WhiteElo "2494"]
[BlackElo "2432"]

1.e4 c5 2.Nf3 e6 3.Nc3 a6 4.d4 cxd4 5.Nxd4 d6 6.a4 b6 7.f4 Bb7 8.f5 e5 9.Nf3 Nf6
10.Bg5 Nbd7 11.Bc4 Be7 12.Qe2 h6 13.Bxf6 Nxf6 14.Rd1 Qc7 15.O-O O-O 16.Nd5 Bxd5
17.Bxd5 Nxd5 18.Rxd5 Rfc8 19.c3 Qc4 20.Qc2 b5 21.axb5 axb5 22.Nd2 Qc6 23.Qd3 Rcb8
24.g3 Ra2 25.Rb1 b4 26.c4 Rba8 27.c5 dxc5 28.Nc4 Qa6 29.Kg2 Ra1  1-0

[Event "2nd Infineon IM"]
[Site "Budapest HUN"]
[Date "2004.06.28"]
[Round "4"]
[White "Szieberth,A"]
[Black "Juhasz,B"]
[Result "1/2-1/2"]
[WhiteElo "2370"]
[BlackElo "2211"]

1.e4 c5 2.Nf3 e6 3.d4 cxd4 4.Nxd4 a6 5.Nc3 Qc7 6.Be3 Nf6 7.Qd2 Bb4 8.f3 d5
9.Nb3 dxe4 10.a3 Bxc3 11.bxc3 O-O 12.O-O-O e5 13.Bc5 Re8 14.Bd6 Qc6 15.Na5 Qa4
16.Nc4 Nbd7 17.Qe3 exf3 18.gxf3 b5 19.Nb2 Qf4 20.Qxf4 exf4 21.Rd4 Bb7 22.Bh3 Nb6
23.Bxf4 Bxf3 24.Rf1 Be2 25.Rg1 Bf3 26.Rd6 Nbd5 27.Bd2 Re4 28.Rf1 Be2 29.Rf2 Rae8
30.Bg2 R4e5 31.Nd3 Bxd3 32.cxd3 Ng4 33.Rf1 Nde3 34.Bxe3 Rxe3 35.Bc6 Rf8 36.Be4 Nf6
37.Bf5 Ra8 38.Kd2 Re7 39.a4 Ne8 40.Rb6 g6 41.Be4 Rd8 42.Re1 Nd6 43.Bd5 Rxe1
44.Kxe1 Nc8 45.Rb8 Rxd5 46.Rxc8+ Kg7 47.axb5 axb5 48.Ke2 g5 49.Ke3 f5 50.d4 Kf6
51.Rc6+ Kf7 52.Rc7+ Kg6 53.Rc6+ Kf7 54.Rc7+  1/2-1/2

[Event "IMA"]
[Site "Brno CZE"]
[Date "2004.07.03"]
[Round "1"]
[White "Czarnota,P"]
[Black "Holusova,T"]
[Result "1-0"]
[WhiteElo "2380"]
[BlackElo "2153"]

1.e4 c5 2.Nf3 e6 3.d4 cxd4 4.Nxd4 a6 5.Nc3 b5 6.Bd3 Qb6 7.Nb3 Qc7 8.O-O Bb7
9.f4 d6 10.Bd2 Nd7 11.Qe2 Ngf6 12.Rae1 Be7 13.e5 Nd5 14.exd6 Bxd6 15.Qh5 O-O-O
16.a4 N7f6 17.Qh3 Bxf4 18.Nxd5 Nxd5 19.Ba5 Qd6 20.axb5 axb5 21.Bxb5 g5 22.Kh1 g4
23.Qd3 e5 24.Bxd8 Rxd8 25.Na5 Qh6 26.Rxf4 Nxf4 27.Qc4+ Kb8 28.Nc6+ Bxc6 29.Bxc6 g3
30.h3 Nxh3 31.Qb5+ Kc7 32.Qb7+ Kd6 33.Rd1+ Ke6 34.Bd5+  1-0

[Event "22nd Open"]
[Site "Andorra la Vella AND"]
[Date "2004.07.04"]
[Round "2"]
[White "Felgaer,R"]
[Black "Ivanov,J"]
[Result "1-0"]
[WhiteElo "2587"]
[BlackElo "2391"]

1.e4 c5 2.Nf3 e6 3.d4 cxd4 4.Nxd4 a6 5.Nc3 Qc7 6.g3 Bb4 7.Ne2 Nf6 8.Bg2 Be7
9.Nf4 h5 10.h4 Nc6 11.O-O Ne5 12.Nd3 d6 13.Qe2 Bd7 14.a4 Bc6 15.Bg5 Nfg4
16.Bxe7 Qxe7 17.Nb4 Bd7 18.Rad1 Rc8 19.Bh3 Rc4 20.Nba2 Rc5 21.f4 Nc4 22.Bxg4 hxg4
23.b3 Nb6 24.Qxg4 Qf6 25.Rxd6 Rxc3 26.e5 Rxg3+ 27.Qxg3 Qf5 28.Rxb6 Rh6 29.Kh2 Rg6
30.Qf2 Rg4 31.Rxb7 f6 32.Rb4 Bc6 33.Rg1 Rxg1 34.Kxg1 Qh3 35.Qh2 Qg4+ 36.Kf2 Qd1
37.Ke3 fxe5 38.fxe5  1-0

[Event "Open A"]
[Site "Klatovy CZE"]
[Date "2004.07.04"]
[Round "2"]
[White "Novak,Pa"]
[Black "Forman,M"]
[Result "1-0"]
[WhiteElo "2323"]
[BlackElo "2023"]

1.e4 c5 2.Nf3 e6 3.d4 cxd4 4.Nxd4 a6 5.Nc3 d6 6.Bc4 Nf6 7.Bb3 b5 8.O-O Bb7
9.Re1 Nc6 10.Bg5 Be7 11.a3 O-O 12.Qd2 h6 13.Be3 Nxd4 14.Bxd4 Nd7 15.f4 Nc5
16.Ba2 Rc8 17.f5 exf5 18.exf5 Bg5 19.Qf2 Bh4 20.g3 Bf6 21.Bd5 Rc7 22.Bxb7 Rxb7
23.Nd5 Nd7 24.Rad1 Bxd4 25.Qxd4 Ne5 26.Qe4 Rd7 27.f6 g5 28.h4 gxh4 29.Qf4 Kh7
30.Qf5+ Kh8 31.Re4 Rg8 32.Rxh4 Rxg3+ 33.Kf2 Rg6 34.Rdh1 Qf8 35.Ne7 Kh7 36.Nd5 Ra7
37.Nf4 Rd7 38.Rxh6+ Qxh6 39.Rxh6+ Kxh6 40.Qh5+  1-0

[Event "Open"]
[Site "Nis SCG"]
[Date "2004.07.04"]
[Round "8"]
[White "Lukic,I"]
[Black "Djokic,V"]
[Result "1/2-1/2"]
[WhiteElo "2107"]
[BlackElo "2161"]

1.e4 c5 2.Nf3 e6 3.d4 cxd4 4.Nxd4 a6 5.Nc3 Qc7 6.Be2 Nf6 7.O-O b5 8.a3 Bb7
9.Bd3 Nc6 10.Nb3 h5 11.h3 Bd6 12.f4 Qb6+ 13.Kh1 Ng4 14.Qe2 Bc5 15.Bd2 Nd4
16.Nxd4 Bxd4 17.Rae1 Bf2 18.Rc1 Rc8 19.Nd1 Bd4 20.c3 Bf6 21.Ne3 Nxe3 22.Bxe3 Qa5
23.Qf2 Be7 24.Bb6 Qa4 25.Bd4 Qb3 26.Bxg7 Rg8 27.Bd4 f5 28.Rce1 h4 29.Qe2 d6
30.Bf2 Kd7 31.Rd1 Rcf8 32.Rfe1 Rg7 33.Rg1 Bc6 34.Kh2 fxe4 35.Bxe4 d5 36.Be3 Bd6
37.Bf3 Qc4 38.Qxc4 bxc4 39.Rgf1 Ba4 40.Rd2 Bxf4+ 41.Bxf4 Rxf4 42.Bxd5 Rxf1
43.Bxc4+ Kc7 44.Bxf1 e5 45.Bxa6 Bc6 46.Bc4 e4 47.Be6 Rg3 48.c4 Re3 49.Bd5 Rd3
50.Rxd3 exd3 51.Bf7 Bf3 52.c5 d2 53.Bb3 d1=Q 54.Bxd1 Bxd1 55.g3 hxg3+ 56.Kxg3 Bb3
57.Kf4 Kc6 58.Ke4 Kxc5 59.Kd3 Bf7 60.Kc3 Bg6 61.b3 Bf5 62.h4 Bg4 63.a4 Be2
64.b4+ Kd5 65.Kd2 Bh5 66.Ke3 Kc4 67.a5 Kb5 68.Kd3 Bf3 69.Kd4 Be2 70.Kc3 Bg4
71.Kd3 Bf3 72.Ke3 Bh5 73.Kf4 Be2  1/2-1/2

[Event "Skanska Cup"]
[Site "Olomouc CZE"]
[Date "2004.07.04"]
[Round "1"]
[White "Slaby,J"]
[Black "Bernasek,J"]
[Result "1-0"]
[WhiteElo "2391"]
[BlackElo "2395"]

1.e4 c5 2.Nf3 e6 3.d4 cxd4 4.Nxd4 a6 5.Nc3 b5 6.Bd3 d6 7.O-O Nf6 8.Qe2 Be7
9.Kh1 O-O 10.f4 Bb7 11.Nf3 Nfd7 12.a3 Nc5 13.Bd2 Nbd7 14.b4 Nxd3 15.cxd3 Re8
16.Rac1 Rc8 17.Be3 Bf6 18.Qd2 g6 19.Bd4 Bxd4 20.Nxd4 Qe7 21.Nf3 f6 22.Qe3 Qd8
23.a4 bxa4 24.Nxa4 Bc6 25.Nb2 Qb6 26.Qd2 Bb5 27.Nc4 Qb8 28.Nd4 Nf8 29.f5 gxf5
30.exf5 e5 31.Nxb5 axb5 32.Ne3 Qb7 33.Ng4 Qg7 34.Nh6+ Kh8 35.Rf3 Nd7 36.Rg3 Qe7
37.Rxc8 Rxc8 38.Qc2 Rf8 39.Qb3 Qe8 40.h3 e4 41.Qe6 Ne5 42.Qxe8 Rxe8 43.d4 Ng6
44.fxg6 hxg6 45.Nf7+ Kh7 46.Nxd6 Re6 47.Nxb5 e3 48.Nc3 e2 49.Nxe2 Rxe2 50.Rb3 Rd2
51.b5 Rxd4 52.b6 Rd8 53.b7 Rb8 54.Kh2 Kh6 55.Kg3 Kg5 56.Rb4 f5 57.Rb6 Kh5
58.Kf3 g5 59.g4+  1-0

[Event "22nd Open"]
[Site "Andorra la Vella AND"]
[Date "2004.07.05"]
[Round "3"]
[White "Del Rio Angelis,S"]
[Black "Lemmers,O"]
[Result "0-1"]
[WhiteElo "2502"]
[BlackElo "2396"]

1.e4 c5 2.Nf3 e6 3.d4 cxd4 4.Nxd4 a6 5.Nc3 Qc7 6.Be2 b5 7.O-O Bb7 8.Re1 Bc5
9.Bf1 d6 10.Nb3 Ba7 11.Bf4 e5 12.Be3 Bxe3 13.Rxe3 Nf6 14.Nd5 Bxd5 15.exd5 Nbd7
16.a4 b4 17.c3 Qb6 18.a5 Qb7 19.cxb4 Qxb4 20.Rc1 O-O 21.Rc4 Qb8 22.Rc6 e4
23.Bxa6 Ne5 24.Rb6 Qd8 25.Qd4 Nfd7 26.Rxd6 Qc7 27.Rxd7 Nxd7 28.Bb5 Rab8 29.Bc6 Ne5
30.Qxe4 Nxc6 31.dxc6 Rfc8 32.Nd4 g6 33.h4 Qxa5 34.Nf3 Rxb2 35.Ng5 Qb4 36.Qxb4 Rxb4
37.Re7 Rxc6 38.g3 Rf6 39.Kg2 Rb2 40.Nh3 h6 41.Re5 Rd6 42.Nf4 Rdd2 43.Nh3 Re2
44.Ra5 Ra2 45.Rb5 Reb2 46.Rc5 Kg7 47.Kf3 Rb3+ 48.Kg2 Rbb2 49.Kf3 Rb7 50.Nf4 Ra3+
51.Kg2 Rba7 52.Kh3 R3a5 53.Rc6 Re5 54.Rb6 Rea5 55.Rc6 Rb5 56.Rd6 Rb2 57.Kg2 Raa2
58.Nh3 g5 59.hxg5 hxg5 60.Nxg5 Rxf2+ 61.Kh3 f5 62.Ne6+ Kf6  0-1

[Event "3rd Open"]
[Site "La Fere FRA"]
[Date "2004.07.05"]
[Round "3"]
[White "Laval,B"]
[Black "Pytel,K"]
[Result "1-0"]
[WhiteElo "2106"]
[BlackElo "2416"]

1.e4 c5 2.Nf3 a6 3.Nc3 e6 4.d4 cxd4 5.Nxd4 b5 6.Be3 Bb7 7.f3 Bb4 8.Qd2 Nf6
9.a3 Be7 10.Qf2 d6 11.Be2 Nc6 12.O-O O-O 13.Rfd1 Ne5 14.Nb3 Nfd7 15.Nd2 Qc7
16.f4 Nc6 17.Bf3 Bf6 18.Nb3 Bxc3 19.bxc3 Ne7 20.Qd2 Nf6 21.Qd3 Rfd8 22.g4 d5
23.e5 Ne4 24.Bd4 Rac8 25.Qe3 Nxc3 26.Rd2 Na4 27.Rf1 Nc6 28.f5 Nxd4 29.Nxd4 Qe7
30.f6 Qf8 31.Be2 Nc3 32.Bd3 Ne4 33.Rg2 Rc3 34.Qh3 Qc5 35.Qe3 Rc4 36.Bxe4 Qxd4
37.Qxd4 Rxd4 38.Bd3 Ra4 39.Rg3 g6 40.h4 h6 41.Kf2 Rxa3 42.h5 g5 43.Bh7+ Kxh7
44.Rxa3 Rc8 45.Ke3 Rc4 46.Kd3 b4 47.Ra5 Rxg4 48.Rc5 Rg3+ 49.Kd2 Rc3 50.Rxc3 bxc3+
51.Kxc3 Bc6 52.Kd4 Bb5 53.Rf2 Kg8 54.Kc5 Kf8 55.Kd6 Bc4 56.Rg2 a5 57.Kc5 Bf1
58.Rg3 Be2 59.Rh3 Kg8 60.Rh2 Bc4 61.c3 a4 62.Kb4 Bb3 63.Rd2 Kf8 64.c4 Bxc4
65.Kxa4 Ke8 66.Kb4 Kd7 67.Kc5 Kc7 68.Rb2 Bd3 69.Rb6 Bf5 70.Rc6+ Kb7 71.Kd6 d4
72.Rc7+ Kb6 73.Rxf7 d3 74.Rd7  1-0

[Event "Open"]
[Site "Olomouc CZE"]
[Date "2004.07.05"]
[Round "1"]
[White "Berescu,A"]
[Black "Beil,O"]
[Result "1-0"]
[WhiteElo "2404"]
[BlackElo "1977"]

1.e4 c5 2.Nf3 e6 3.d4 cxd4 4.Nxd4 a6 5.Nc3 Qc7 6.g3 Nf6 7.Bg2 Nc6 8.O-O Be7
9.Re1 d6 10.Nxc6 bxc6 11.e5 dxe5 12.Rxe5 Nd5 13.Nxd5 cxd5 14.Bf4 Qd7 15.c4 Bb7
16.cxd5 Bf6 17.Re1 O-O 18.dxe6 Qxd1 19.Raxd1 Bxg2 20.Kxg2 Bxb2 21.Rd7 fxe6
22.Rxe6 Rfe8 23.Rb6 Bc3 24.Be3 Re4 25.Rc6 Bf6 26.h4 Ra4 27.Rd2 Rd8 28.Rxd8+  1-0

[Event "Open A"]
[Site "Klatovy CZE"]
[Date "2004.07.06"]
[Round "4"]
[White "Kucera,T"]
[Black "Forman,M"]
[Result "0-1"]
[WhiteElo "2058"]
[BlackElo "2023"]

1.e4 c5 2.Nf3 e6 3.d4 cxd4 4.Nxd4 a6 5.Nc3 d6 6.Bc4 Nf6 7.Bb3 Nc6 8.Be3 Be7
9.f4 O-O 10.Qf3 Qc7 11.O-O Nxd4 12.Bxd4 b5 13.g4 e5 14.Nd5 Nxd5 15.Bxd5 Rb8
16.fxe5 dxe5 17.Bxf7+ Kh8 18.Qc3 Qd7 19.Bxe5 Qxg4+ 20.Qg3 Bc5+ 21.Kg2 Qxe4+
22.Rf3 Rxf7 23.Bxb8 Qe2+ 24.Kh1 Bb7  0-1

[Event "Valoz Cup"]
[Site "Olomouc CZE"]
[Date "2004.07.06"]
[Round "3"]
[White "Blazkova,P"]
[Black "Kuba,J"]
[Result "0-1"]
[WhiteElo "2226"]
[BlackElo "2194"]

1.e4 c5 2.Nf3 e6 3.d4 cxd4 4.Nxd4 a6 5.Nc3 Qc7 6.g3 Nf6 7.Bg2 Nc6 8.O-O Nxd4
9.Qxd4 Bc5 10.Bf4 d6 11.Qd1 O-O 12.Qe2 Nd7 13.Kh1 Ne5 14.Rad1 b5 15.Bxe5 dxe5
16.f4 b4 17.Na4 Be7 18.c4 bxc3 19.Nxc3 Rb8 20.Rc1 Qb6 21.b3 a5 22.Na4 Qa7
23.Qf2 Qxf2 24.Rxf2 exf4 25.gxf4 Ba3 26.Rd1 Bb7 27.e5 Bxg2+ 28.Kxg2 Rfd8
29.Rxd8+ Rxd8 30.Rc2 h5 31.Nb6 Rd3 32.Nc4 Bb4 33.a3 Be7 34.Nxa5 Bxa3 35.Rc8+ Kh7
36.Rb8 Bc1 37.b4 Bxf4 38.Nc6 Rd5 39.Rb7 Bxe5 40.Nxe5 Rxe5 41.Rxf7 Rb5 42.Rf4 e5
43.Re4 g5 44.Kf3 Kg6 45.Ke3 Kf5 46.Rc4 Rb8 47.Kd3 Rd8+ 48.Kc2 g4 49.Rc7 Rd4
50.b5 Rb4 51.Rf7+ Ke4 52.Rh7 Rxb5 53.Rxh5 Rd5 54.Rg5 Kf4 55.Rg8 e4 56.Rf8+ Ke3
57.Rg8 Kf3 58.Rf8+ Ke2 59.Rf4 Rc5+ 60.Kb2 e3 61.Rxg4 Kf3 62.Rg3+ Kf2 63.Rg8 Re5
64.Rf8+ Kg2 65.Rg8+ Kh1  0-1

[Event "Skanska Cup"]
[Site "Olomouc CZE"]
[Date "2004.07.06"]
[Round "3"]
[White "Simacek,P"]
[Black "Kunte,A"]
[Result "1/2-1/2"]
[WhiteElo "2439"]
[BlackElo "2532"]

1.e4 c5 2.Nf3 e6 3.d4 cxd4 4.Nxd4 a6 5.Nc3 Qc7 6.g3 Nf6 7.Bg2 Be7 8.O-O d6
9.Re1 O-O 10.g4 Nc6 11.g5 Nd7 12.Nce2 Re8 13.f4 Bf8 14.Be3 Rb8 15.Bf2 g6
16.Qd2 Nxd4 17.Nxd4 b6 18.Re3 Bb7 19.Rc3 Qd8 20.Nc6 Bxc6 21.Rxc6 Nc5 22.Bxc5 dxc5
23.Rd1 Qe7  1/2-1/2